000 011040000a22002290004500
003 LK-CoMWRAF
008 230817t ||||| |||| 00| 0 eng d
040 _aLK-CoMWRAF
_dLK-CoMWRAF
_eLK-CoMWRAF
041 _aeng
245 _aA Hymn to Creation
_bEssays in Women & Religion
260 _bCentre for Society & Religion
_aSri Lanka (Colombo 10)
_c1986
300 _ap.108
490 _aLogos - Volume 25 - No. 01 - May 1986
650 _aA Statement on the Status, Role and Responsibility of the Muslim Woman (Jezima Ismail)
650 _aA Women's Universe (Kajsa Ahlstrand)
650 _aImages of the Feminine in Religion with Special reference to Christian, Buddhist and Hindu Scriptures (Nirmala Salgado)
650 _aThe Origins of the Bible Revisited Reconstructing Women's History (Dr. Gabriele Dietrich)
650 _aThe Risen Christ and Ending, The Opperssion and Subjugation of Women, The Poor and the Downtrodden (Pauline Hensman)
650 _aTowards a Theology of Womanhood (Sr. Milburga Fernando)
650 _aWhat then is Feminist Theology? (Bernadeen Silva)
942 _cBK
999 _c2419
_d2419